000
00312nam a22001337a 4500
008
181009b xxu||||| |||| 00| 0 eng d
020
_a
9780669296266
041
_a
eng
080
_2
7th
_a
530
100
_a
43
101
_a
FIZ
245
_a
An Introduction to Physical Science
_c
Shipman,J.T
942
_2
udc
_c
BK
999
_c
49152
_d
49152